Aktualizácia k zákonom II/2000 Zákon o trestnom konaní súdnom
Enregistré dans:
| Format: | Livre |
|---|---|
| Langue: | slovaque |
| Publié: |
Žilina
PORADCA
[2000]
|
| Collection: | Aktualizácia
II/3 |
| Tags: |
Pas de tags, Soyez le premier à ajouter un tag!
|
MARC
| LEADER | 00000nam a2200000 4500 | ||
|---|---|---|---|
| 001 | c117992 | ||
| 005 | 20250617074127.2 | ||
| 022 | |a 1335-6127 | ||
| 041 | 0 | |a slo | |
| 044 | |a SK | ||
| 245 | 1 | 0 | |a Aktualizácia k zákonom II/2000 |b Zákon o trestnom konaní súdnom |
| 264 | 1 | |a Žilina |b PORADCA |c [2000] | |
| 300 | |a 72 s. | ||
| 490 | 1 | |a Aktualizácia |v II/3 | |
| 830 | 0 | |a Aktualizácia |v II/3 | |